000 00555nam a2200193Ia 4500
005 20250508163659.0
008 008 250505s9999 xx 000 0 eng d
020 _a81-85107-75-0
037 _aTextual
040 _aFEDL
_beng
_cFEDL
041 _aeng
_2eng
084 _a305.42, KAB
_qFEDL
100 _aKabeer Naila
245 0 _aReversed realities gender hierarchies in development thought
260 _aNew Delhi, India
_bKali for Women
_c1994
300 _axix,346p.
942 _cTEXL
_h305.42, KAB
999 _c1384674
_d1384674